Κατάλογος Βιβλιοθηκών Mediterranean College

The mammoth book of how it happened. (Record no. 10117)

MARC details
000 -LEADER
fixed length control field 00984nam a22002297a 4500
003 - ΤΑΥΤΟΤΗΤΑ ΤΟΥ ΑΡΙΘΜΟΥ ΕΛΕΓΧΟΥ
Πεδίο ελέγχου GR-AtMCL
005 - ΗΜΕΡΟΜΗΝΙΑ ΚΑΙ ΩΡΑ ΤΕΛΕΥΤΑΙΑΣ ΕΝΗΜΕΡΩΣΗΣ
Πεδίο ελέγχου 20260211123307.0
006 - FIXED-LENGTH DATA ELEMENTS--ADDITIONAL MATERIAL CHARACTERISTICS
Πεδίο ελέγχου σταθερού μήκους a|||||r|||||||||||
008 - FIXED-LENGTH DATA ELEMENTS--GENERAL INFORMATION
Πεδίο ελέγχου σταθερού μήκους s2006 enk b 000 0 eng d
020 ## - ISBN
ISBN 1845292650
040 ## - ΠΗΓΗ ΚΑΤΑΛΟΓΟΓΡΑΦΗΣΗΣ
Φορέας πρωτότυπης καταλογογράφησης MC Athens Campus Library
Γλώσσα καταλογογράφησης Αγγλικά
Modifying agency MC Athens Campus Library
Κανόνες περιγραφικής καταλογογράφησης AACR2
245 04 - ΤΙΤΛΟΣ ΚΑΙ ΔΗΛΩΣΗ ΥΠΕΥΘΥΝΟΤΗΤΑΣ
Τίτλος The mammoth book of how it happened.
Name of part/section of a work [Eyewitness accounts of history in the making from 2000 BC to the present] /
Statement of responsibility, etc. edited by Jon E. Lewis.
250 ## - EDITION STATEMENT
Edition statement Rev. and updated ed.
260 ## - PUBLICATION, DISTRIBUTION, ETC.
Place of publication, distribution, etc. London :
Name of publisher, distributor, etc. Robinson,
Date of publication, distribution, etc. 2006.
300 ## - PHYSICAL DESCRIPTION
Extent 656 p. ;
Διαστάσεις 20 cm.
504 ## - ΣΗΜΕΙΩΣΗ ΒΙΒΛΙΟΓΡΑΦΙΑΣ κλπ.
Σημείωση βιβλιογραφίας, κλπ. Includes bibliographical references.
520 ## - SUMMARY, ETC.
Summary, etc. The Mammoth Book of How It Happened is a superb collection that provides first-hand accounts in the form of journals, diaries, news reports, and the like. This book offers historical writings of the most monumental events of our time—military and otherwise.
650 ## - SUBJECT ADDED ENTRY--TOPICAL TERM
Topical term or geographic name entry element World history in literature
700 ## - ΠΡΟΣΘΕΤΗ ΑΝΑΓΡΑΦΗ--ΦΥΣΙΚΟ ΠΡΟΣΩΠΟ
Personal name Lewis, Jon E.
9 (RLIN) 10333
942 ## - ADDED ENTRY ELEMENTS (KOHA)
Koha item type Books
Holdings
Τύπος τεκμηρίου Βιβλιοθήκη Τρέχουσα τοποθεσία Barcode Αριθμός εισαγωγής Ημερομηνία απόκτησης Ταξιθετικό σύμβολο Αριθμός αντιτύπου Κατάσταση απόσυρσης Κατάσταση χαμένου Κατάσταση κατεστραμμένου Μη δανεισμός Σύνολο δανεισμών Ημερομηνία τελευταίας εμφάνισης Η τιμή ισχύει από
Books MC Athens Campus Library MC Athens Campus Library 9780000101259 8307 11/02/2026 909 LEW 1           11/02/2026 11/02/2026

MC Athens Campus Library
Πατησίων 94 & Κοδριγκτώνος 13, 104 34
Πελλήνης 8 & Πατησίων 107, 112 51
Τ: +30 210 8899600

MC Thessaloniki Campus Library
Ίωνος Δραγούμη 21, 54625 | Ίωνος Δραγούμη 15, 54625
Τ: +30 2310 287779 – Τ: +30 2314 440300